00553nam a2200157 i 450000100060000000300090000600500170001500700030003200800410003524500950007626000670017130000210023850000600025971000520031985200240037152769ES-MaACL20250811072657.0t|030904s1931 sp ||||1| spa d00aDecreto de 1 de julio de 1931 sobre la duración máxima legal de la jornada de trabajo. aMadrid : b[s.n.], c1931 (fSuc. de M. Minuesa de los Ríos) a32 p. ; c23 cm. aPrecede al tít.: Ministerio de Trabajo y Previsión.1 aEspaña. bMinisterio de Trabajo y Previsión aES-MaACLj1757-F-15